Mother Teresa (Record no. 88578)

MARC details
000 -LEADER
fixed length control field 00495nam a2200181Ia 4500
008 - FIXED-LENGTH DATA ELEMENTS--GENERAL INFORMATION
fixed length control field 230125s9999 xx 000 0 und d
041 ## - LANGUAGE CODE
Language code of text/sound track or separate title eng
082 ## - DEWEY DECIMAL CLASSIFICATION NUMBER
Classification number 920.72
Item number RAI/CHA
100 ## - MAIN ENTRY--PERSONAL NAME
Personal name Rai R
9 (RLIN) 111664
245 ## - TITLE STATEMENT
Title Mother Teresa
Remainder of title Faith and Compassion
260 ## - PUBLICATION, DISTRIBUTION, ETC. (IMPRINT)
Date of publication, distribution, etc. 1996
Name of publisher, distributor, etc. Element shaftesbury
300 ## - PHYSICAL DESCRIPTION
Extent 192p
500 ## - GENERAL NOTE
Keywords Biography
500 ## - GENERAL NOTE
Keywords Literature;Biography;Biography (Women)
650 ## - SUBJECT ADDED ENTRY--TOPICAL TERM
Topical term or geographic name as entry element Biography(women)
9 (RLIN) 111665
700 ## - ADDED ENTRY--PERSONAL NAME
Personal name Rai R & Chawla N
9 (RLIN) 111666
Holdings
Withdrawn status Lost status Damaged status Not for loan Home library Current library Date acquired Vendor Cost, normal purchase price Total Checkouts Full call number Barcode Date last seen Cost, replacement price Bill Date Koha item type Original Barcode
        Smt. Hiraben Nanavati Institute of Management & Research for Women Smt. Hiraben Nanavati Institute of Management & Research for Women 07/08/2001 Satya Gilani 195.00   920.72 RAI/CHA B02644 HIMR-BK-2644 25/01/2023 195.00 08/07/2001 Books B02644